[Event "European Women's Chess Club Cup 2023"]
[Site "Durres, Albania"]
[Date "2023.10.03"]
[Round "3.16"]
[White "Bashylina, Luisa"]
[Black "Zhukova, Natalia"]
[Result "0-1"]
[TimeControl "90' + 30' & 30\""]
[WhiteElo "2192"]
[BlackElo "2303"]

1. d4 {[%clk 01:30:56]} {[%emt 00:00:02]} d5 {[%clk 01:30:41]} {[%emt
00:00:21]} 2. c4 {[%clk 01:31:18]} {[%emt 00:00:08]} e6 {[%clk 01:30:57]}
{[%emt 00:00:14]} 3. Nc3 {[%clk 01:31:43]} {[%emt 00:00:05]} Nf6 {[%clk
01:31:07]} {[%emt 00:00:20]} 4. cxd5 {[%clk 01:32:08]} {[%emt 00:00:05]} exd5
{[%clk 01:31:30]} {[%emt 00:00:07]} 5. Bg5 {[%clk 01:32:34]} {[%emt 00:00:04]}
c6 {[%clk 01:31:36]} {[%emt 00:00:23]} 6. e3 {[%clk 01:32:58]} {[%emt
00:00:08]} Bd6 {[%clk 01:31:37]} {[%emt 00:00:28]} 7. Bd3 {[%clk 01:33:12]}
{[%emt 00:00:16]} O-O {[%clk 01:31:46]} {[%emt 00:00:21]} 8. Qc2 {[%clk
01:33:11]} {[%emt 00:00:31]} h6 {[%clk 01:32:06]} {[%emt 00:00:10]} 9. Bh4
{[%clk 01:33:38]} {[%emt 00:00:04]} Re8 {[%clk 01:31:54]} {[%emt 00:00:41]} 10.
Nf3 {[%clk 01:33:39]} {[%emt 00:00:29]} Be6 {[%clk 01:31:47]} {[%emt 00:00:37]}
11. Ne5 {[%clk 01:30:25]} {[%emt 00:03:44]} c5 {[%clk 01:31:51]} {[%emt
00:00:26]} 12. O-O {[%clk 01:27:20]} {[%emt 00:03:35]} Nc6 {[%clk 01:32:02]}
{[%emt 00:00:19]} 13. Bg3 {[%clk 01:18:38]} {[%emt 00:09:12]} Bxe5 {[%clk
00:41:22]} {[%emt 00:51:10]} 14. dxe5 {[%clk 01:14:14]} {[%emt 00:04:54]} Nh5
{[%clk 00:41:12]} {[%emt 00:00:40]} 15. Rad1 {[%clk 01:02:43]} {[%emt
00:12:01]} Nxg3 {[%clk 00:41:00]} {[%emt 00:00:42]} 16. hxg3 {[%clk 01:03:02]}
{[%emt 00:00:11]} Nxe5 {[%clk 00:36:41]} {[%emt 00:04:49]} 17. Be4 {[%clk
00:57:59]} {[%emt 00:05:33]} d4 {[%clk 00:25:30]} {[%emt 00:11:41]} 18. exd4
{[%clk 00:50:09]} {[%emt 00:08:20]} cxd4 {[%clk 00:25:47]} {[%emt 00:00:12]} 19.
Rfe1 {[%clk 00:31:45]} {[%emt 00:18:54]} Qf6 {[%clk 00:12:02]} {[%emt
00:14:16]} 20. Nb5 {[%clk 00:26:25]} {[%emt 00:05:50]} Rac8 {[%clk 00:10:22]}
{[%emt 00:02:10]} 21. Qd2 {[%clk 00:24:25]} {[%emt 00:02:29]} Bxa2 {[%clk
00:07:09]} {[%emt 00:03:43]} 22. Qxd4 {[%clk 00:21:45]} {[%emt 00:03:10]} Bb3
{[%clk 00:05:46]} {[%emt 00:01:53]} 23. Rc1 {[%clk 00:16:03]} {[%emt 00:06:11]}
Rxc1 {[%clk 00:03:54]} {[%emt 00:02:23]} 24. Rxc1 {[%clk 00:16:26]} {[%emt
00:00:07]} a6 {[%clk 00:04:18]} {[%emt 00:00:06]} 25. Qc3 {[%clk 00:13:18]}
{[%emt 00:03:37]} axb5 {[%clk 00:04:27]} {[%emt 00:00:20]} 26. Qxb3 {[%clk
00:12:52]} {[%emt 00:00:56]} Nc4 {[%clk 00:02:57]} {[%emt 00:02:01]} 27. Bxb7
{[%clk 00:08:42]} {[%emt 00:04:40]} Re2 {[%clk 00:02:52]} {[%emt 00:00:35]} 28.
Qxb5 {[%clk 00:05:50]} {[%emt 00:03:22]} Qxf2+ {[%clk 00:02:57]} {[%emt
00:00:25]} 29. Kh1 {[%clk 00:05:13]} {[%emt 00:01:04]} Ne5 {[%clk 00:00:45]}
{[%emt 00:02:46]} 30. Qb4 {[%clk 00:01:53]} {[%emt 00:03:49]} Qxg3 {[%clk
00:01:01]} {[%emt 00:00:14]} 31. Qd4 {[%clk 00:01:31]} {[%emt 00:00:51]} h5
{[%clk 00:00:52]} {[%emt 00:00:39]} 32. Bf3 {[%clk 00:00:41]} {[%emt 00:01:20]}
Nxf3 {[%clk 00:00:43]} {[%emt 00:00:39]} 33. Qd8+ {[%clk 00:00:46]} {[%emt
00:00:24]} Kh7 {[%clk 00:01:12]} 34. Qd3+ {[%clk 00:01:02]} {[%emt 00:00:14]}
g6 {[%clk 00:01:40]} {[%emt 00:00:02]} 35. Qxf3 {[%clk 00:01:03]} {[%emt
00:00:28]} Qxf3 {[%clk 00:01:55]} {[%emt 00:00:15]} 36. gxf3 {[%clk 00:01:30]}
{[%emt 00:00:04]} Rxb2 {[%clk 00:02:21]} {[%emt 00:00:04]} 37. Rc7 {[%clk
00:01:23]} {[%emt 00:00:37]} Kg7 {[%clk 00:02:43]} {[%emt 00:00:08]} 38. Rc4
{[%clk 00:01:44]} {[%emt 00:00:09]} g5 {[%clk 00:02:21]} {[%emt 00:00:52]} 39.
Rc5 {[%clk 00:01:39]} {[%emt 00:00:35]} Kg6 {[%clk 00:02:39]} {[%emt 00:00:11]}
40. f4 {[%clk 00:00:50]} {[%emt 00:01:19]} f6 {[%clk 00:00:40]} {[%emt
00:02:29]} 41. f5+ {[%clk 00:28:55]} {[%emt 00:02:26]} Kf7 {[%clk 00:24:19]}
{[%emt 00:06:51]} 42. Rc7+ {[%clk 00:27:29]} {[%emt 00:01:56]} Ke8 {[%clk
00:24:38]} {[%emt 00:00:11]} 43. Rc6 {[%clk 00:24:30]} {[%emt 00:03:28]} Ke7
{[%clk 00:24:51]} {[%emt 00:00:18]} 44. Rc7+ {[%clk 00:24:12]} {[%emt
00:00:48]} Kd6 {[%clk 00:24:41]} {[%emt 00:00:39]} 0-1

[Event "European Women's Chess Club Cup 2023"]
[Site "Durres, Albania"]
[Date "2023.10.03"]
[Round "3.17"]
[White "Tsolakidou, Stavroula"]
[Black "Danielian, Elina"]
[Result "1-0"]
[TimeControl "90' + 30' & 30\""]
[WhiteElo "2385"]
[BlackElo "2416"]

1. c4 {[%clk 01:30:56]} {[%emt 00:00:03]} e6 {[%clk 01:30:49]} {[%emt
00:00:12]} 2. Nf3 {[%emt 00:01:29]} Nf6 {[%emt 00:00:13]} 3. g3 {[%emt
00:01:01]} d5 {[%emt 00:00:16]} 4. Bg2 {[%emt 00:01:01]} dxc4 {[%clk 01:24:39]}
{[%emt 00:04:54]} 5. Qa4+ {[%clk 01:30:47]} {[%emt 00:00:54]} Nbd7 {[%clk
01:25:04]} {[%emt 00:00:05]} 6. Qxc4 {[%clk 01:30:49]} {[%emt 00:00:27]} a6
{[%clk 01:24:07]} {[%emt 00:01:29]} 7. Qc2 {[%clk 01:27:23]} {[%emt 00:03:54]}
c5 {[%clk 01:24:19]} {[%emt 00:00:18]} 8. Nc3 {[%clk 01:25:24]} {[%emt
00:02:29]} Bd6 {[%emt 00:07:41]} 9. d4 {[%clk 01:17:59]} {[%emt 00:04:24]} O-O
{[%clk 01:19:20]} {[%emt 00:01:49]} 10. O-O {[%emt 00:13:09]} cxd4 {[%clk
01:04:16]} {[%emt 00:03:36]} 11. Nxd4 {[%clk 01:17:38]} {[%emt 00:00:11]} Qc7
{[%clk 01:04:24]} {[%emt 00:00:22]} 12. Rd1 {[%emt 00:06:11]} Rd8 {[%clk
01:02:51]} {[%emt 00:00:19]} 13. Be3 {[%clk 01:11:02]} {[%emt 00:03:08]} h6
{[%emt 00:35:16]} 14. Bxh6 {[%clk 00:37:06]} {[%emt 00:00:37]} gxh6 {[%clk
00:52:19]} {[%emt 00:10:06]} 15. Nxe6 {[%clk 00:37:31]} {[%emt 00:00:06]} fxe6
{[%clk 00:51:42]} {[%emt 00:01:06]} 16. Qg6+ {[%emt 00:26:35]} Kh8 {[%clk
00:25:37]} {[%emt 00:00:06]} 17. Rac1 {[%clk 00:37:38]} {[%emt 00:00:47]} Rg8
{[%clk 00:16:03]} {[%emt 00:10:03]} 18. Qxh6+ {[%clk 00:37:40]} {[%emt
00:00:29]} Nh7 {[%emt 00:00:23]} 19. Ne4 {[%emt 00:24:31]} Bc5 {[%emt
00:00:09]} 20. Nxc5 {[%clk 00:22:00]} {[%emt 00:01:03]} Nxc5 {[%clk 00:08:05]}
{[%emt 00:00:01]} 21. Qe3 {[%emt 00:05:13]} Qg7 {[%clk 00:01:21]} {[%emt
00:06:11]} 22. Rxc5 {[%clk 00:18:31]} {[%emt 00:00:20]} Nf6 {[%clk 00:00:36]}
{[%emt 00:01:15]} 23. Rd4 {[%clk 00:18:05]} {[%emt 00:00:56]} Qe7 {[%clk
00:00:31]} {[%emt 00:00:35]} 24. Qh6+ {[%clk 00:13:32]} {[%emt 00:05:02]} Nh7
{[%emt 00:00:59]} 25. Rh5 {[%emt 00:00:52]} Ra7 {[%clk 00:00:33]} {[%emt
00:00:04]} 26. Rdh4 {[%clk 00:11:27]} {[%emt 00:02:08]} Rg7 {[%clk 00:00:33]}
{[%emt 00:00:31]} 27. Be4 {[%clk 00:11:51]} {[%emt 00:00:05]} b6 {[%clk
00:00:38]} {[%emt 00:00:26]} 28. Bxh7 {[%clk 00:11:47]} {[%emt 00:00:33]} Rxh7
{[%clk 00:00:58]} {[%emt 00:00:10]} 29. Qg6 {[%clk 00:12:10]} {[%emt 00:00:07]}
Qxh4 {[%clk 00:00:53]} {[%emt 00:00:36]} 30. Rxh4 {[%clk 00:11:54]} {[%emt
00:00:46]} Rxh4 {[%clk 00:01:12]} {[%emt 00:00:11]} 31. Qf6+ {[%clk 00:12:19]}
{[%emt 00:00:04]} 1-0

[Event "European Women's Chess Club Cup 2023"]
[Site "Durres, Albania"]
[Date "2023.10.03"]
[Round "3.18"]
[White "Mkrtchian, Lilit"]
[Black "Narva, Mai"]
[Result "1-0"]
[TimeControl "90' + 30' & 30\""]
[WhiteElo "2389"]
[BlackElo "2399"]

1. Nf3 {[%clk 01:30:51]} {[%emt 00:00:07]} Nf6 {[%clk 01:30:44]} {[%emt
00:00:17]} 2. g3 {[%clk 01:30:36]} {[%emt 00:00:45]} d5 {[%emt 00:00:31]} 3.
Bg2 {[%emt 00:00:16]} c6 {[%emt 00:02:09]} 4. O-O {[%clk 01:27:35]} {[%emt
00:01:49]} Bg4 {[%clk 01:31:09]} {[%emt 00:00:21]} 5. c4 {[%clk 01:26:53]}
{[%emt 00:01:12]} e6 {[%clk 01:31:01]} {[%emt 00:00:39]} 6. d4 {[%clk
01:21:30]} {[%emt 00:05:52]} Nbd7 {[%clk 01:28:41]} {[%emt 00:02:50]} 7. cxd5
{[%clk 01:20:13]} {[%emt 00:01:48]} exd5 {[%clk 01:27:14]} {[%emt 00:01:57]} 8.
h3 {[%clk 01:19:19]} {[%emt 00:01:23]} Bxf3 {[%clk 01:18:57]} {[%emt 00:08:47]}
9. exf3 {[%clk 01:14:03]} {[%emt 00:05:46]} Be7 {[%clk 01:18:28]} {[%emt
00:01:00]} 10. f4 {[%clk 01:13:57]} {[%emt 00:00:35]} O-O {[%clk 01:13:34]}
{[%emt 00:05:25]} 11. Nd2 {[%clk 01:14:11]} {[%emt 00:00:16]} Ne8 {[%clk
00:51:17]} {[%emt 00:22:47]} 12. Nf3 {[%clk 01:12:38]} {[%emt 00:02:03]} Nd6
{[%clk 00:51:00]} {[%emt 00:00:46]} 13. h4 {[%clk 01:10:44]} {[%emt 00:02:24]}
Nf6 {[%clk 00:45:39]} {[%emt 00:05:51]} 14. Ne5 {[%clk 01:10:24]} {[%emt
00:00:49]} Qb6 {[%clk 00:36:31]} {[%emt 00:09:39]} 15. Bh3 {[%clk 00:59:05]}
{[%emt 00:11:50]} Rad8 {[%clk 00:35:50]} {[%emt 00:01:10]} 16. Re1 {[%clk
00:43:00]} {[%emt 00:16:34]} Qc7 {[%clk 00:26:39]} {[%emt 00:09:42]} 17. h5
{[%clk 00:32:58]} {[%emt 00:10:32]} Nfe4 {[%clk 00:20:33]} {[%emt 00:06:35]} 18.
Kg2 {[%clk 00:23:34]} {[%emt 00:09:55]} Rfe8 {[%clk 00:14:28]} {[%emt
00:06:34]} 19. h6 {[%clk 00:19:55]} {[%emt 00:04:10]} g6 {[%clk 00:12:36]}
{[%emt 00:02:22]} 20. f5 {[%clk 00:19:47]} {[%emt 00:00:38]} Bf6 {[%clk
00:09:20]} {[%emt 00:03:46]} 21. f3 {[%clk 00:10:08]} {[%emt 00:10:09]} Nc4
{[%clk 00:04:13]} {[%emt 00:05:36]} 22. fxe4 {[%clk 00:09:21]} {[%emt
00:01:18]} Nxe5 {[%clk 00:04:26]} {[%emt 00:00:18]} 23. dxe5 {[%clk 00:08:18]}
{[%emt 00:01:32]} Qxe5 {[%clk 00:04:34]} {[%emt 00:00:23]} 24. Qb3 {[%clk
00:03:50]} {[%emt 00:04:57]} dxe4 {[%clk 00:04:20]} {[%emt 00:00:44]} 25. Bf4
{[%clk 00:04:00]} {[%emt 00:00:19]} Qe7 {[%clk 00:03:28]} {[%emt 00:01:23]} 26.
fxg6 {[%clk 00:03:52]} {[%emt 00:00:38]} hxg6 {[%clk 00:03:52]} {[%emt
00:00:06]} 27. Rad1 {[%clk 00:02:29]} {[%emt 00:01:52]} Rxd1 {[%clk 00:02:25]}
{[%emt 00:01:58]} 28. Rxd1 {[%clk 00:01:24]} {[%emt 00:01:35]} Rd8 {[%clk
00:01:42]} {[%emt 00:01:13]} 29. Rxd8+ {[%clk 00:00:52]} {[%emt 00:01:03]} Qxd8
{[%clk 00:02:07]} {[%emt 00:00:04]} 30. Qxb7 {[%clk 00:00:54]} {[%emt
00:00:29]} Qd1 {[%clk 00:02:03]} {[%emt 00:00:33]} 31. Qc8+ {[%clk 00:00:39]}
{[%emt 00:00:45]} Kh7 {[%clk 00:02:25]} {[%emt 00:00:08]} 32. Qd7 {[%clk
00:00:53]} {[%emt 00:00:17]} Qc2+ {[%clk 00:00:33]} {[%emt 00:02:21]} 33. Kh1
{[%clk 00:00:43]} {[%emt 00:00:39]} Qb1+ {[%clk 00:00:46]} {[%emt 00:00:17]} 34.
Kh2 {[%clk 00:01:05]} {[%emt 00:00:09]} Qxb2+ {[%clk 00:00:49]} {[%emt
00:00:27]} 35. Bg2 {[%clk 00:01:29]} {[%emt 00:00:06]} Qxa2 {[%clk 00:01:07]}
{[%emt 00:00:12]} 36. Qxc6 {[%clk 00:01:50]} {[%emt 00:00:09]} Qe6 {[%clk
00:00:50]} {[%emt 00:00:47]} 37. Qxe6 {[%clk 00:01:24]} {[%emt 00:00:56]} fxe6
{[%clk 00:01:15]} {[%emt 00:00:05]} 38. Bxe4 {[%clk 00:01:53]} {[%emt
00:00:02]} a5 {[%clk 00:00:53]} {[%emt 00:00:51]} 39. Bc2 {[%clk 00:02:00]}
{[%emt 00:00:22]} Be7 {[%clk 00:00:34]} {[%emt 00:00:50]} 40. g4 {[%clk
00:01:51]} {[%emt 00:00:39]} e5 {[%clk 00:00:41]} {[%emt 00:00:23]} 41. Be3
{[%clk 00:00:32]} {[%emt 00:01:49]} a4 {[%clk 00:30:04]} {[%emt 00:01:06]} 42.
g5 {[%clk 00:25:38]} {[%emt 00:05:24]} a3 {[%clk 00:30:22]} {[%emt 00:00:13]}
43. Bb3 {[%clk 00:25:45]} {[%emt 00:00:23]} Bd6 {[%clk 00:28:05]} {[%emt
00:02:47]} 44. Kg2 {[%clk 00:25:42]} {[%emt 00:00:33]} e4 {[%clk 00:27:59]}
{[%emt 00:00:36]} 45. Kf2 {[%clk 00:25:47]} {[%emt 00:00:24]} Be5 {[%clk
00:28:17]} {[%emt 00:00:12]} 46. Ke2 {[%clk 00:26:07]} {[%emt 00:00:10]} Bb2
{[%clk 00:28:15]} {[%emt 00:00:33]} 47. Kd2 {[%clk 00:26:25]} {[%emt 00:00:12]}
Be5 {[%clk 00:28:34]} {[%emt 00:00:11]} 48. Kc2 {[%clk 00:26:48]} {[%emt
00:00:06]} Ba1 {[%clk 00:28:36]} {[%emt 00:00:28]} 49. Bd5 {[%clk 00:27:03]}
{[%emt 00:00:15]} Be5 {[%clk 00:28:49]} {[%emt 00:00:18]} 50. Kb3 {[%clk
00:27:17]} {[%emt 00:00:16]} 1-0

[Event "European Women's Chess Club Cup 2023"]
[Site "Durres, Albania"]
[Date "2023.10.03"]
[Round "3.19"]
[White "Radeva, Viktoria"]
[Black "Velikic, Adela"]
[Result "0-1"]
[TimeControl "90' + 30' & 30\""]
[WhiteElo "2293"]
[BlackElo "2274"]

1. e4 {[%clk 01:30:58]} {[%emt 00:00:01]} c5 {[%clk 01:30:53]} {[%emt
00:00:07]} 2. Nc3 {[%clk 01:31:21]} {[%emt 00:00:07]} Nc6 {[%clk 01:31:05]}
{[%emt 00:00:17]} 3. Nge2 {[%clk 01:31:39]} {[%emt 00:00:12]} Nf6 {[%clk
01:29:33]} {[%emt 00:02:03]} 4. d4 {[%clk 01:31:54]} {[%emt 00:00:16]} cxd4
{[%clk 01:29:57]} {[%emt 00:00:05]} 5. Nxd4 {[%clk 01:32:21]} {[%emt 00:00:03]}
d6 {[%clk 01:30:22]} {[%emt 00:00:05]} 6. Be2 {[%clk 01:31:23]} {[%emt
00:01:27]} g6 {[%clk 01:30:42]} {[%emt 00:00:10]} 7. Be3 {[%clk 01:30:50]}
{[%emt 00:01:04]} Bg7 {[%clk 01:31:06]} {[%emt 00:00:06]} 8. O-O {[%clk
01:30:13]} {[%emt 00:01:06]} O-O {[%clk 01:31:21]} {[%emt 00:00:15]} 9. Qd2
{[%clk 01:30:16]} {[%emt 00:00:28]} a6 {[%clk 01:11:50]} {[%emt 00:20:01]} 10.
f3 {[%clk 01:23:58]} {[%emt 00:06:48]} Nxd4 {[%clk 01:04:25]} {[%emt 00:07:56]}
11. Bxd4 {[%clk 01:24:08]} {[%emt 00:00:19]} Be6 {[%clk 01:04:26]} {[%emt
00:00:29]} 12. Rfd1 {[%clk 01:14:26]} {[%emt 00:10:11]} Qc7 {[%clk 01:00:42]}
{[%emt 00:04:14]} 13. a4 {[%clk 01:12:34]} {[%emt 00:02:22]} Rfc8 {[%clk
00:51:32]} {[%emt 00:09:40]} 14. a5 {[%clk 01:07:43]} {[%emt 00:05:21]} Nd7
{[%clk 00:48:48]} {[%emt 00:03:15]} 15. Bxg7 {[%clk 01:06:52]} {[%emt
00:01:21]} Kxg7 {[%clk 00:49:12]} {[%emt 00:00:06]} 16. Qd4+ {[%clk 01:00:30]}
{[%emt 00:06:53]} f6 {[%clk 00:45:47]} {[%emt 00:03:55]} 17. f4 {[%clk
00:58:29]} {[%emt 00:02:30]} Qc5 {[%clk 00:41:24]} {[%emt 00:04:52]} 18. Bf3
{[%clk 00:53:18]} {[%emt 00:05:41]} Rab8 {[%clk 00:39:22]} {[%emt 00:02:33]} 19.
Qxc5 {[%clk 00:50:24]} {[%emt 00:03:24]} Rxc5 {[%clk 00:38:29]} {[%emt
00:01:23]} 20. Rd4 {[%clk 00:45:22]} {[%emt 00:05:31]} Rbc8 {[%clk 00:28:35]}
{[%emt 00:10:24]} 21. Rb4 {[%clk 00:44:06]} {[%emt 00:01:47]} R8c7 {[%clk
00:20:20]} {[%emt 00:08:46]} 22. Kf2 {[%clk 00:25:30]} {[%emt 00:19:05]} Nb8
{[%clk 00:11:27]} {[%emt 00:09:23]} 23. Ke3 {[%clk 00:23:49]} {[%emt 00:02:11]}
g5 {[%clk 00:09:26]} {[%emt 00:02:31]} 24. g3 {[%clk 00:21:09]} {[%emt
00:03:10]} Nc6 {[%clk 00:06:50]} {[%emt 00:03:06]} 25. Rba4 {[%clk 00:21:22]}
{[%emt 00:00:17]} Na7 {[%clk 00:04:23]} {[%emt 00:02:57]} 26. Bd1 {[%clk
00:18:38]} {[%emt 00:03:13]} Kf8 {[%clk 00:03:14]} {[%emt 00:01:40]} 27. Ne2
{[%clk 00:16:13]} {[%emt 00:02:55]} Bd7 {[%clk 00:02:35]} {[%emt 00:01:09]} 28.
R4a2 {[%clk 00:14:45]} {[%emt 00:01:58]} gxf4+ {[%clk 00:02:01]} {[%emt
00:01:04]} 29. Nxf4 {[%clk 00:14:54]} {[%emt 00:00:21]} Re5 {[%clk 00:01:48]}
{[%emt 00:00:43]} 30. Nd3 {[%clk 00:14:06]} {[%emt 00:01:18]} Rb5 {[%clk
00:01:52]} {[%emt 00:00:26]} 31. c4 {[%clk 00:10:27]} {[%emt 00:04:09]} Rxc4
{[%clk 00:01:11]} {[%emt 00:01:11]} 32. Ba4 {[%clk 00:10:51]} {[%emt 00:00:06]}
Bc6 {[%clk 00:00:53]} {[%emt 00:00:48]} 33. Bxb5 {[%clk 00:10:37]} {[%emt
00:00:44]} Rxe4+ {[%clk 00:01:15]} {[%emt 00:00:09]} 34. Kd2 {[%clk 00:10:26]}
{[%emt 00:00:40]} Nxb5 {[%clk 00:01:39]} {[%emt 00:00:05]} 35. Re1 {[%clk
00:07:36]} {[%emt 00:03:21]} Rd4 {[%clk 00:01:56]} {[%emt 00:00:13]} 36. Ke3
{[%clk 00:07:33]} {[%emt 00:00:33]} e5 {[%clk 00:01:34]} {[%emt 00:00:52]} 37.
Raa1 {[%clk 00:06:43]} {[%emt 00:01:20]} Nc7 {[%clk 00:01:39]} {[%emt
00:00:25]} 38. Red1 {[%clk 00:05:39]} {[%emt 00:01:34]} Ba4 {[%clk 00:00:42]}
{[%emt 00:01:27]} 39. Rdc1 {[%clk 00:04:50]} {[%emt 00:01:19]} Nd5+ {[%clk
00:00:52]} {[%emt 00:00:20]} 40. Kf2 {[%clk 00:05:15]} {[%emt 00:00:05]} Bc6
{[%clk 00:00:41]} {[%emt 00:00:41]} 41. Ra3 {[%clk 00:01:27]} {[%emt 00:04:18]}
e4 {[%clk 00:24:32]} {[%emt 00:06:38]} 42. Nf4 {[%clk 00:29:18]} {[%emt
00:02:39]} Nxf4 {[%clk 00:24:32]} {[%emt 00:00:31]} 43. gxf4 {[%clk 00:29:43]}
{[%emt 00:00:05]} Rd2+ {[%clk 00:22:47]} {[%emt 00:02:15]} 44. Ke3 {[%clk
00:26:21]} {[%emt 00:03:52]} Rxh2 {[%clk 00:22:26]} {[%emt 00:00:51]} 45. Rac3
{[%clk 00:26:28]} {[%emt 00:00:24]} f5 {[%clk 00:15:46]} {[%emt 00:07:10]} 46.
Rxc6 {[%clk 00:25:02]} {[%emt 00:01:55]} Rh3+ {[%clk 00:14:03]} {[%emt
00:02:12]} 47. Ke2 {[%clk 00:25:27]} {[%emt 00:00:06]} bxc6 {[%clk 00:14:25]}
{[%emt 00:00:09]} 48. Rxc6 {[%clk 00:25:53]} {[%emt 00:00:03]} Ke7 {[%clk
00:10:52]} {[%emt 00:04:02]} 49. Rxa6 {[%clk 00:25:48]} {[%emt 00:00:36]} Rh2+
{[%clk 00:10:10]} {[%emt 00:01:12]} 50. Ke3 {[%clk 00:25:05]} {[%emt 00:01:13]}
Rxb2 {[%clk 00:10:16]} {[%emt 00:00:24]} 51. Ra7+ {[%clk 00:25:22]} {[%emt
00:00:13]} Ke6 {[%clk 00:10:24]} {[%emt 00:00:21]} 52. Rxh7 {[%clk 00:22:28]}
{[%emt 00:03:24]} Ra2 {[%clk 00:09:49]} {[%emt 00:01:06]} 53. Rh6+ {[%clk
00:09:19]} {[%emt 00:13:39]} Kd7 {[%clk 00:09:54]} {[%emt 00:00:24]} 54. Rh7+
{[%clk 00:09:32]} {[%emt 00:00:17]} Kc6 {[%clk 00:10:19]} {[%emt 00:00:05]} 55.
Ra7 {[%clk 00:09:48]} {[%emt 00:00:15]} Kd5 {[%clk 00:09:41]} {[%emt 00:01:08]}
56. Rf7 {[%clk 00:09:34]} {[%emt 00:00:44]} Ra3+ {[%clk 00:09:56]} {[%emt
00:00:15]} 57. Ke2 {[%clk 00:08:43]} {[%emt 00:01:20]} Kd4 {[%clk 00:09:59]}
{[%emt 00:00:27]} 58. Rxf5 {[%clk 00:08:39]} {[%emt 00:00:34]} Ra2+ {[%clk
00:10:16]} {[%emt 00:00:13]} 59. Ke1 {[%clk 00:08:20]} {[%emt 00:00:50]} d5
{[%clk 00:10:20]} {[%emt 00:00:25]} 60. Rh5 {[%clk 00:07:44]} {[%emt 00:01:06]}
Rxa5 {[%clk 00:10:30]} {[%emt 00:00:21]} 61. f5 {[%clk 00:07:41]} {[%emt
00:00:33]} Kd3 {[%clk 00:09:53]} {[%emt 00:01:05]} 62. Rh3+ {[%clk 00:07:59]}
{[%emt 00:00:13]} e3 {[%clk 00:10:14]} {[%emt 00:00:09]} 63. Kf1 {[%clk
00:08:20]} {[%emt 00:00:09]} d4 {[%clk 00:09:39]} {[%emt 00:01:05]} 0-1